000 00728nam a2200253Ia 4500
003 OSt
005 20221005072957.0
006 a|||||r|||| 00| 0
007 ta
008 221004b |||||||| |||| 00| 0 eng d
020 _a8176211672 (pbk)
_c195
024 _a97258
037 _b5271, 23/02/2009, Efficient Book Distributors
_cTextual
040 _aCRL
_cCRL
_beng
041 _2eng
_aeng
082 _aR49, P4
100 _aHanh Thich Nhat
245 0 _aTeachings on love
260 _aNew Delhi
_bFull Circle India
_c2004
300 _a183p.
_ccm.
650 _aPHILOSOPHY
942 _hR49, P4
_cTEXL
_2cc
999 _c980342
_d980342